Moonlocket / (Record no. 48740)
| 000 -LEADER | |
|---|---|
| fixed length control field | 00709nam a2200145 4500 |
| 020 ## - INTERNATIONAL STANDARD BOOK NUMBER | |
| International Standard Book Number | 9781474915014 |
| 100 ## - MAIN ENTRY--PERSONAL NAME | |
| Personal name | Bunzl, Peter. |
| 9 (RLIN) | 82428 |
| 245 ## - TITLE STATEMENT | |
| Title | Moonlocket / |
| Statement of responsibility, etc | Peter Bunzl. |
| 260 ## - PUBLICATION, DISTRIBUTION, ETC. (IMPRINT) | |
| Place of publication, distribution, etc | London: |
| Name of publisher, distributor, etc | Usborne: |
| Date of publication, distribution, etc | 2017. |
| 300 ## - PHYSICAL DESCRIPTION | |
| Extent | 378 p. |
| Other physical details | maps. |
| Dimensions | 20 cm. |
| 490 ## - SERIES STATEMENT | |
| Series statement | Cogheart; Bk.2 |
| 520 ## - SUMMARY, ETC. | |
| Summary, etc | Criminal mastermind the Jack of Diamonds is searching for the mysterious Moonlocket - but that's not the only thing he wants ... Soon, dark secrets from Robert's past plunge him into danger, and Lily and Malkin, the mechanical fox, must stay one step ahead before Jack plays his final, deadly, card ...<br/> |
| 650 ## - SUBJECT ADDED ENTRY--TOPICAL TERM | |
| Topical term or geographic name as entry element | Courage. Friendship. Secrecy. |
| Form subdivision | Fiction. |
| Geographic subdivision | England, London. |
| 9 (RLIN) | 86184 |
| 942 ## - ADDED ENTRY ELEMENTS (KOHA) | |
| Source of classification or shelving scheme | |
| Koha item type | J FIC BOOKS |
| Withdrawn status | Lost status | Source of classification or shelving scheme | Damaged status | Not for loan | Collection code | Home library | Current library | Date acquired | Total Checkouts | Full call number | Barcode | Date last seen | Date checked out | Price effective from | Koha item type |
|---|---|---|---|---|---|---|---|---|---|---|---|---|---|---|---|
| SECONDARY | Asian Hope Secondary Library | Asian Hope Secondary Library | 03/27/2025 | 1 | J FIC BUN | 208383 | 04/02/2026 | 03/26/2026 | 03/27/2025 | J FIC BOOKS |